Odd One Out Geography - Statistics

General Stats
  • This quiz has been taken 103 times
  • The average score is 9 of 15
Answer Stats
Question Answer % Correct
Which of these countries does NOT have a greater population than Russia? Germany
90%
Which of these countries does NOT touch the Himalayas? Afghanistan
83%
Which of these cities is NOT in Russia? Kraków
80%
Which of these landmarks is NOT in Europe? Table Mountain
80%
Which of these cities is NOT a megacity Chicago
70%
Which of these countries are NOT fully island nations? Malaysia
70%
Which of these deserts is NOT in Africa? Mojave
70%
Which of these continents does NOT have less than 10% of the world's population? Africa
67%
Which of these countries is NOT in Scandinavia? Finland
63%
Which of these countries are NOT landlocked? Iraq
60%
Which of these countries do NOT have a capital starting with A? Tuvalu
43%
Which of these seas does NOT touch Turkey? Caspian
40%
Which of these states does NOT have a coast? Pennsylvania
40%
Which of these cities was NOT a former capital? Mumbai
13%
Which of these countries does NOT touch two oceans? Russia
7%
No matching quizzes found
Score Distribution
Percent of People with Each Score
Percentile by Number Answered
Your Score History
You have not taken this quiz